|
|
|
|
| LEADER |
00655cam a2200205 7i4500 |
| 001 |
0000021258 |
| 005 |
20080522090000.0 |
| 020 |
0 |
0 |
|a 978-1-74059-708-1
|
| 090 |
0 |
0 |
|a M 915.950454
|b MAL
|
| 245 |
0 |
0 |
|a Malaysia,Singapore & Brunei.
|
| 260 |
0 |
0 |
|a Victoria:
|b Lonely Planet,
|c 2007.
|
| 300 |
# |
# |
|a 660 p.
|
| 440 |
0 |
0 |
|a Lonely Planet
|
| 650 |
0 |
0 |
|a Brunei --
|x Description and travel --
|x Guidebooks
|
| 650 |
0 |
0 |
|a Singapore --
|x Description and travel --
|x Guidebooks
|
| 650 |
0 |
0 |
|a Malaysia --
|x Description and travel --
|x Guidebooks
|
| 651 |
0 |
0 |
|a Singapore
|
| 651 |
0 |
0 |
|a Malaysia
|
| 651 |
0 |
0 |
|a Brunei
|
| 999 |
|
|
|a B000022218
|b Book
|c Malaysia
|e Business Information Centre
|